000 00226nam a2200097Ia 4500
005 20251222114413.0
008 251222s1900||||xx |||||||||||||| ||spa||
082 _aDVD0060/C523E/2004
245 4 _aThe circus:El circo
942 _cDVD
999 _c2122
_d2122